Biggest US State Economies by Decade (2060-2100) - Statistics

General Stats
  • This quiz has been taken 31 times
  • The average score is 46 of 50
Answer Stats
Year Rank GDP Answer % Correct
2060 1. 8.77T California
100%
2070 1. 9.6T California
100%
2080 1. 10.43T California
100%
2. 11.27T California
100%
2. 12.13T California
100%
3. 5.41T Florida
100%
3. 6.1T Florida
100%
3. 6.78T Florida
100%
3. 7.47T Florida
100%
3. 8.17T Florida
100%
4. 4.72T New York
100%
4. 5.43T New York
100%
4. 6.14T New York
100%
4. 6.85T New York
100%
4 7.58T New York
100%
2. 6.79T Texas
100%
2. 8.05T Texas
100%
2. 9.47T Texas
100%
2090 1. 11.74T Texas
100%
2100 1. 14.06T Texas
100%
6. 2.4T Ohio
97%
6. 2.82T Ohio
97%
6. 3.23T Ohio
97%
6. 3.65T Ohio
97%
6. 4.08T Ohio
97%
5. 2.77T Washington
97%
5. 3.31T Washington
97%
5. 3.85T Washington
97%
5. 4.4T Washington
97%
5. 4.95T Washington
97%
7. 2.36T Illinois
93%
7. 2.72T Illinois
93%
7. 3.07T Illinois
93%
10. 3.43T Illinois
93%
10. 3.79T Illinois
93%
8. 2.25T New Jersey
93%
8. 2.65T New Jersey
93%
8. 3.05T New Jersey
93%
7. 3.45T New Jersey
93%
9. 3.86T New Jersey
93%
9. 2.21T Virginia
80%
9. 2.63T Virginia
80%
9. 3.04T Virginia
80%
8. 3.45T Virginia
80%
8. 3.87T Virginia
80%
10. 2.12T Tennessee
63%
10. 2.56T Tennessee
63%
10. 3T Tennessee
63%
9. 3.43T Tennessee
63%
7. 3.88T Tennessee
63%
No matching quizzes found
Score Distribution
Percent of People with Each Score
Percentile by Number Answered
Your Score History
You have not taken this quiz